000 01305nam0a22003131 4500
001 v19\rc\1645440
005 20260406070334.0
035 _a(NLR Aleph) 004757831
090 _a4568391
_c4568391
100 _a20061002d1903 |||y0rusy50 ca
101 0 _arus
102 _aRU
105 _aa c |||||
200 1 _aРуководство и методические указания для преподавания рукоделия в школах
_eС приб. отд. геометрич. черчения и прил. правил о пенсионных правах учительниц рукоделия
_f[Соч.] С.А. Давыдовой
205 _a3-е изд., испр. и доп.
210 _aСанкт-Петербург
_cтип. Мор. м-ва
_d1903
215 _aX, 126 с., 1 л. черт.
_d18
700 1 _7ca
_8rus
_aДавыдова
_bС. А.
_cписательница
_f1842-1915
_gСофья Александровна
_9125277
_3RU\NLR\AUTH\7715629
801 0 _aRU
_bNLR
_gpsbo
801 0 _aRU
_bRuMoRGB
_2psbo
801 1 _aRU
_bProSoft-M
_2rusmarc
801 2 _aRU
_bNLR
_c20131001
_2rusmarc
852 _aNLR
_j38.45.6.36
852 _aNLR
_bМф
_jК-1/20701
899 _aRuMoRGB
_jA 158/1047
899 _aRuMoRGB
_jU 412/98
899 _aБАН
942 _cBOOK
980 _aNB